000 00523nam a2200205Ia 4500
003 OSt
005 20250714104330.0
020 _a0-340-24202-7
040 _cLC
050 _aQA 39.2 . T 73 1979
_b3
100 _aTRANTER,C.J.
245 0 _aADVANCED LEVEL MATHEMATICS(PURE AND APPLIED)
250 _a4
260 _aLONDON,
_bHODDER AND STOUGHTON,
_c1979,
300 _aXii, 630 P, ILL
500 _aINCLUDES INDEX
650 _aMathematics Mathematics - For schools
700 _aLAMBE, C G
942 _cBK
_2lcc
_n0
999 _c182540
_d182540